Busiest airports in Africa - Statistics

General Stats
  • This quiz has been taken 34 times
  • The average score is 15 of 20
Answer Stats
Passengers City % Correct
30,944,269 Cairo
100%
10,494,994 Cape Town
97%
18,533,673 Johannesburg
97%
- Lagos
97%
11,456,284 Casablanca
93%
- Tunis
93%
- Addis Ababa
90%
- Algiers
90%
- Nairobi
90%
- Dakar
86%
3,624,087 Accra
83%
- Dar es Salaam
83%
5,042,922 Durban
72%
- Marrakech
72%
- Abidjan
69%
- Abuja
62%
12,350,000 Hurghada
41%
- Agadir
38%
- Sharm El Sheikh
38%
- Tangier
34%
No matching quizzes found
Score Distribution
Percent of People with Each Score
Percentile by Number Answered
Your Score History
You have not taken this quiz